000 00544cam a2200205 4500
001 D3622
008 090401t1928 xxu||||| |||| 00| 0 eng d
035 _a(Sirsi) u74163
041 _aeng
050 _a336.210212
100 _aEve, Frank N
245 _aTables showing gross and rateable values for properties let at weekly inclusive rentals
250 _a5th
260 _aLondon
_bWaterlow & Sons
_c1928
300 _a43p. 19cm
350 _a0
490 _aCover Title:
_v: Eve`s weekly tables
942 _n0
948 _c04/03/1997
999 _c95775
_d95775